Statistics for Oratio Dominica (Pater Noster)

Click here to take the quiz!

General Stats

  • This quiz has been taken 48 times
  • The average score is 30 of 49

Answer Stats

Answer% Correct
es
100%
in
100%
noster
100%
Pater
100%
qui
100%
{cælis}:
88%
nomen
88%
regnum
88%
{tua},
88%
{tuum};
88%
{tuum};
88%
advéniat
75%
et
75%
volúntas
75%
{cælo},
63%
da
63%
Panem
63%
fiat
63%
{hódie};
63%
in
63%
in
63%
nobis
63%
nostrum
63%
sanctificétur
63%
sicut
63%
{terra}.
63%
cotidiánum
50%
débita
50%
debitóribus
50%
dimítte
50%
et
50%
et
50%
in
50%
indúcas
50%
ne
50%
nobis
50%
nos
50%
{nostris};
50%
sicut
50%
{tentationem};
50%
a
38%
dimíttimus
38%
et
38%
líbera
38%
{malo}.
38%
nos
38%
nos
38%
{nostra},
38%
sed
38%

Score Distribution

Percentile by Number Answered

Percent of People with Each Score

Your Score History

You have not taken this quiz